Metodología alternativa para el diseño de sistemas de absorción con drenajes

Kaydedildi:
Detaylı Bibliyografya
Yazar: Salazar Alfaro, Carlos Alberto
Materyal Türü: Kitap
Dil:Spanish
Baskı/Yayın Bilgisi: San José, C.R. 2001
Konular:
Etiketler: Etiketle
Etiket eklenmemiş, İlk siz ekleyin!

MARC

LEADER 00000nam a2200000Ia 4500
003 008778
005 20221231144201.0
008 140114s2001 cr a m 000 ||spa|d
040 |c cru CEDI 
090 |a TFG 4345 
100 |a Salazar Alfaro, Carlos Alberto   |9 7725 
245 |a Metodología alternativa para el diseño de sistemas de absorción con drenajes 
260 |c 2001  |a  San José, C.R. 
300 |a  viii, 93 hojas : ilustraciones  
500 |a  Tesis (licenciatura en ingeniería civil)--Universidad de Costa Rica. Facultad de Ingeniería. Escuela de Ingeniería Civil 
650 |x DRENAJE   |x  DISEÑO Y CONSTRUCCION   |x SUELOS   |x ABSORCION   |x PERMEABILIDAD DE SUELOS  |9 7726 
942 |c TFG 
999 |c 18093  |d 18093